MARC details
| 000 -LEADER |
| fixed length control field |
01696nam a2200493 a 4500 |
| 008 - FIXED-LENGTH DATA ELEMENTS--GENERAL INFORMATION |
| fixed length control field |
030429t20032001nyu c 000 1 eng d |
| 020 ## - INTERNATIONAL STANDARD BOOK NUMBER |
| International Standard Book Number |
006440966X (pbk.) |
| 020 ## - INTERNATIONAL STANDARD BOOK NUMBER |
| International Standard Book Number |
0329290363 |
| 020 ## - INTERNATIONAL STANDARD BOOK NUMBER |
| International Standard Book Number |
9780064409667 |
| 020 ## - INTERNATIONAL STANDARD BOOK NUMBER |
| International Standard Book Number |
1404650946 |
| 020 ## - INTERNATIONAL STANDARD BOOK NUMBER |
| International Standard Book Number |
9780329290368 |
| 020 ## - INTERNATIONAL STANDARD BOOK NUMBER |
| International Standard Book Number |
9781404650947 |
| 035 ## - SYSTEM CONTROL NUMBER |
| System control number |
AF3F7F134C3945DEA31355BE91C1E2E4 |
| 040 ## - CATALOGING SOURCE |
| Original cataloging agency |
ICrlF |
| Transcribing agency |
ICrlF |
| Modifying agency |
ICrlF |
| 050 04 - LIBRARY OF CONGRESS CALL NUMBER |
| Classification number |
PZ7.L578345 |
| Item number |
Tw 2003 |
| 082 04 - DEWEY DECIMAL CLASSIFICATION NUMBER |
| Classification number |
[Fic] |
| Edition number |
22 |
| 035 ## - SYSTEM CONTROL NUMBER |
| System control number |
AF3F7F134C3945DEA31355BE91C1E2E4 |
| 005 - DATE AND TIME OF LATEST TRANSACTION |
| control field |
20241220153652.0 |
| 001 - CONTROL NUMBER |
| control field |
34381 |
| 003 - CONTROL NUMBER IDENTIFIER |
| control field |
DCL |
| 100 1# - MAIN ENTRY--PERSONAL NAME |
| Personal name |
Levine, Gail Carson. |
| 9 (RLIN) |
44562 |
| 245 14 - TITLE STATEMENT |
| Title |
The two princesses of Bamarre / |
| Statement of responsibility, etc |
Gail Carson Levine. |
| 246 3# - VARYING FORM OF TITLE |
| Title proper/short title |
2 princesses of Bamarre |
| 250 ## - EDITION STATEMENT |
| Edition statement |
1st Harper Trophy ed. |
| 260 ## - PUBLICATION, DISTRIBUTION, ETC. (IMPRINT) |
| Place of publication, distribution, etc |
New York : |
| Name of publisher, distributor, etc |
HarperTrophy, |
| Date of publication, distribution, etc |
2003, c2001. |
| 300 ## - PHYSICAL DESCRIPTION |
| Extent |
241 p. ; |
| Dimensions |
20 cm. |
| 510 0# - CITATION/REFERENCES NOTE |
| Name of source |
Wilson's Children |
| 510 0# - CITATION/REFERENCES NOTE |
| Name of source |
Wilson's Junior High School |
| 510 0# - CITATION/REFERENCES NOTE |
| Name of source |
Books for the Teen Age (NYPL) |
| 520 ## - SUMMARY, ETC. |
| Summary, etc |
With her adventurous sister, Meryl, suffering from the Grey death, meek and timid Princess Addie sets out to find a cure. |
| 521 0# - TARGET AUDIENCE NOTE |
| Target audience note |
5.8 |
| Source |
Follett Library Resources |
| 521 2# - TARGET AUDIENCE NOTE |
| Target audience note |
5-8 |
| Source |
Follett Library Resources |
| 650 #1 - SUBJECT ADDED ENTRY--TOPICAL TERM |
| Topical term or geographic name as entry element |
Princesses |
| Form subdivision |
Fiction. |
| 9 (RLIN) |
5673903 |
| 650 #1 - SUBJECT ADDED ENTRY--TOPICAL TERM |
| Topical term or geographic name as entry element |
Wizards |
| Form subdivision |
Fiction. |
| 9 (RLIN) |
5673726 |
| 650 #1 - SUBJECT ADDED ENTRY--TOPICAL TERM |
| Topical term or geographic name as entry element |
Magic |
| Form subdivision |
Fiction. |
| 9 (RLIN) |
5673694 |
| 650 #1 - SUBJECT ADDED ENTRY--TOPICAL TERM |
| Topical term or geographic name as entry element |
Sisters |
| Form subdivision |
Fiction. |
| 9 (RLIN) |
5674091 |
| 650 #1 - SUBJECT ADDED ENTRY--TOPICAL TERM |
| Topical term or geographic name as entry element |
Self-confidence |
| Form subdivision |
Fiction. |
| 9 (RLIN) |
5682344 |
| 650 #7 - SUBJECT ADDED ENTRY--TOPICAL TERM |
| Topical term or geographic name as entry element |
Princesses |
| Form subdivision |
Fiction. |
| Source of heading or term |
sears |
| 9 (RLIN) |
5673903 |
| 650 #7 - SUBJECT ADDED ENTRY--TOPICAL TERM |
| Topical term or geographic name as entry element |
Wizards |
| Form subdivision |
Fiction. |
| Source of heading or term |
sears |
| 9 (RLIN) |
5673726 |
| 650 #7 - SUBJECT ADDED ENTRY--TOPICAL TERM |
| Topical term or geographic name as entry element |
Magic |
| Form subdivision |
Fiction. |
| Source of heading or term |
sears |
| 9 (RLIN) |
5673694 |
| 650 #7 - SUBJECT ADDED ENTRY--TOPICAL TERM |
| Topical term or geographic name as entry element |
Sisters |
| Form subdivision |
Fiction. |
| Source of heading or term |
sears |
| 9 (RLIN) |
5674091 |
| 650 #7 - SUBJECT ADDED ENTRY--TOPICAL TERM |
| Topical term or geographic name as entry element |
Self-confidence |
| Form subdivision |
Fiction. |
| Source of heading or term |
sears |
| 9 (RLIN) |
5682344 |
| 942 ## - ADDED ENTRY ELEMENTS (KOHA) |
| Koha item type |
UNKNOWN |